Statistics for Zelda BOTW

Click here to take the quiz!

General Stats

  • This quiz has been taken 280 times
    (276 since last reset)
  • The average score is 44 of 100

Answer Stats

Hint Answer % Correct
ChampionsLink
97%
ChampionsZelda
96%
ChampionsMipha
88%
ChampionsDaruk
86%
ChampionsRevali
85%
Divine BeastsVah Ruta
85%
ChampionsUrbosa
84%
RacesGoron
84%
RacesZora
82%
Armour SetsZora Set
82%
RegionsGerudo
80%
Armour SetsGerudo Set
80%
RacesGerudo
80%
Divine BeastsVah Rudania
80%
Divine BeastsVah Medoh
80%
RacesHylian
76%
Armour SetsHylian Set
76%
Divine BeastsVah Naboris
76%
RacesRito
75%
RunesMagnesis
72%
VillagesKakariko VIllage
68%
RunesStasis
67%
BossesWaterblight Ganon
63%
BossesWindblight Ganon
63%
BossesFireblight Ganon
61%
VillagesHateno Village
61%
RegionsCentral Hyrule
60%
BossesThunderblight Ganon
58%
RunesCamera
58%
BossesCalamity Ganon
58%
RegionsAkkala
56%
DragonsFarosh
55%
Key CharactersImpa
55%
RunesCryonis
53%
BossesHinox
52%
Armour SetsDark Set
51%
DragonsDinraal
48%
Key CharactersPrince Sidon
47%
RegionsFaron
47%
RacesSheikah
46%
BossesDark Beast Ganon
46%
DragonsNaydra
45%
RacesKorok
45%
RegionsHebra
42%
RegionsEldin
42%
GuardiansGuardian Stalker
42%
Key CharactersKing Rhoam
42%
VillagesZora's Domain
41%
VillagesGoron City
41%
RunesAmiibo
41%
BossesStone Talus
40%
"-son"Bolson
38%
RunesRemote Bombs
37%
RegionsLanayru
37%
Key CharactersRiju
36%
VillagesGerudo Town
36%
VillagesRito Village
35%
"-son"Hudson
34%
BossesMolduga
32%
VillagesLurelin Village
32%
Armour SetsBarbarian Set
32%
GuardiansGuardian Scout I
31%
Armour SetsStealth Set
30%
GuardiansGuardian Scout II
29%
Key CharactersYunobo
29%
Armour SetsAncient Set
27%
Key CharactersTeba
26%
Armour SetsFlamebreaker Set
26%
Armour SetsRubber Set
26%
GuardiansGuardian Scout III
26%
GuardiansGuardian Turret
26%
GuardiansGuardian Skywatcher
26%
Armour SetsDesert Voe Set
25%
GuardiansGuardian Scout IV
24%
"-son"Greyson
23%
GuardiansSentry
23%
VillagesTarrey Town
23%
BossesMaster Kohga
21%
BossesStalnox
21%
"-son"Rhondson
21%
BossesBlue Hinox
20%
BossesFrost Talus
20%
RegionsNecluda
20%
Key CharactersPurah
20%
Armour SetsSnowquill Set
19%
Armour SetsClimber's Set
18%
"-son"Karson
18%
BossesBlack Hinox
18%
BossesIgneo Talus
18%
GuardiansDecayed Guardian
16%
Armour SetsSoldier Set
16%
Armour SetsRadiant Set
14%
VillagesKorok Forest
14%
Armour SetsHero of the Wild Set
12%
"-son"Kapson
12%
"-son"Fyson
11%
Key CharactersGreat Deku Tree
10%
"-son"Pelison
9%
RunesSheikah Sensor
3%
Key CharactersPikango
3%

Score Distribution

Percentile by Number Answered

Percent of People with Each Score

Your Score History

You have not taken this quiz since the last reset